Information systems in a business environment (Record no. 197901)

MARC details
000 -LEADER
fixed length control field 00310nam a2200097Ia 4500
082 ## - DEWEY DECIMAL CLASSIFICATION NUMBER
Classification number 658.4038011|INFO
008 - FIXED-LENGTH DATA ELEMENTS--GENERAL INFORMATION
fixed length control field 210817s9999 xx 000 0 und d
100 ## - MAIN ENTRY--PERSONAL NAME
Personal name Wessels, P. L. , 1962- Durban, South Africa, 2010 5th ed
9 (RLIN) 62638
245 #0 - TITLE STATEMENT
Title Information systems in a business environment
942 ## - ADDED ENTRY ELEMENTS
item type Books
Holdings
Withdrawn status Lost status Damaged status Not for loan Home library Current library Date acquired Cost, normal purchase price Total Checkouts Barcode Date last seen Price effective from item type
        Emthonjeni PL (MMID-PLEMA-EMTH) Emthonjeni PL (MMID-PLEMA-EMTH) 18.08.2021 253.00   3322810089534 18.08.2021 18.08.2021 Books